00273nam a2200121Ia 4500008004100000100002300041245002700064260001600091300000800107650001400115942000700129999001500136190216s9999||||xx |||||||||||||| ||und|| aGunter Fellen Burg 0aChemistry Of Pollution bWiley India a192 aChemistry cBK c3364d3364